[Event "TCh-FRA Top 16 GpB 2022"]
[Site "Chartres FRA"]
[Date "2022.06.11"]
[Round "3.3"]
[Board "2"]
[White "Amin, Bassem"]
[Black "Nihal, Sarin"]
[Result "1/2-1/2"]
[WhiteTitle "GM"]
[BlackTitle "GM"]
[WhiteElo "2681"]
[BlackElo "2654"]
[WhiteTeam "Clichy-Echecs-92"]
[BlackTeam "Mulhouse Philidor"]
[WhiteFideId "10601457"]
[BlackFideId "25092340"]
[EventDate "2022.06.09"]

1. e4 e5 2. Nf3 Nf6 3. Nxe5 d6 4. Nf3 Nxe4 5. Nc3 Nxc3 6. dxc3 Be7 7. Be3 O-O 8.
Qd2 Nd7 9. O-O-O c6 10. Kb1 d5 11. c4 Nb6 12. Bxb6 Qxb6 13. cxd5 Bf6 14. c3 Rd8
15. Qc2 Rxd5 16. Rxd5 cxd5 17. Bd3 h6 18. Re1 Be6 19. Qd2 Rc8 20. Nd4 Bxd4 21.
cxd4 Kf8 22. Qf4 Qc7 23. Qxc7 Rxc7 24. f4 Re7 25. Kc1 f6 26. Kd2 Ke8 27. Bg6+
Kd8 28. Re3 Bd7 29. Bd3 Rxe3 30. Kxe3 g5 1/2-1/2

[Event "TCh-FRA Top 16 GpB 2022"]
[Site "Chartres FRA"]
[Date "2022.06.11"]
[Round "3.3"]
[Board "3"]
[White "Mendonca, Leon Luke"]
[Black "Gharamian, Tigran"]
[Result "1/2-1/2"]
[WhiteTitle "GM"]
[BlackTitle "GM"]
[WhiteElo "2562"]
[BlackElo "2602"]
[WhiteTeam "Mulhouse Philidor"]
[BlackTeam "Clichy-Echecs-92"]
[WhiteFideId "35028561"]
[BlackFideId "13301527"]
[EventDate "2022.06.09"]

1. d4 d5 2. c4 e6 3. Nf3 Nf6 4. Nc3 Nbd7 5. Bf4 dxc4 6. e3 c5 7. Bxc4 a6 8. O-O
Be7 9. d5 Nb6 10. d6 Bxd6 11. Bxd6 Nxc4 12. Bxc5 Qxd1 13. Rfxd1 Bd7 14. Rd4 Rc8
15. Rxc4 b6 16. Na4 bxc5 17. Nxc5 Ke7 18. Rac1 Rhd8 19. h3 Nd5 20. a3 f6 21.
Nxd7 Rxc4 22. Rxc4 Rxd7 23. Rc6 a5 24. Nd4 e5 25. Nf5+ Kd8 26. g4 g6 27. Nd6 Rc7
28. Rxc7 Kxc7 29. Nc4 a4 30. Kf1 Kc6 31. Ke2 Kc5 32. Nd2 f5 33. gxf5 gxf5 34.
Nf3 e4 35. Nd4 Kc4 36. Nxf5 Kb3 37. Nd6 Kxb2 38. Nxe4 Kxa3 39. Nc5 Kb4 40. Nxa4
Kxa4 41. Kf3 Nc3 42. e4 Kb5 43. Kf4 Kc6 44. Kf5 Kd7 45. f4 Ke7 46. e5 Nd5 47.
Ke4 Nc3+ 48. Kf5 Nd5 49. h4 Kf7 50. Ke4 Ne7 51. f5 Nc6 52. Kd5 Ne7+ 53. Ke4 Nc6
54. Kd5 Ne7+ 55. Ke4 1/2-1/2

[Event "TCh-FRA Top 16 GpB 2022"]
[Site "Chartres FRA"]
[Date "2022.06.11"]
[Round "3.3"]
[Board "4"]
[White "Van Foreest, Jorden"]
[Black "Papadiamandis, Elliot"]
[Result "1-0"]
[WhiteTitle "GM"]
[BlackTitle "IM"]
[WhiteElo "2702"]
[BlackElo "2372"]
[WhiteTeam "Clichy-Echecs-92"]
[BlackTeam "Mulhouse Philidor"]
[WhiteFideId "1039784"]
[BlackFideId "36074160"]
[EventDate "2022.06.09"]

1. e4 c5 2. Nf3 d6 3. d4 cxd4 4. Nxd4 Nf6 5. Nc3 a6 6. a4 e5 7. Nf3 Be7 8. Bg5
Be6 9. Bxf6 Bxf6 10. Nd5 Nd7 11. Bc4 Rc8 12. b3 O-O 13. O-O Bg5 14. Nxg5 Qxg5
15. Ne3 Qe7 16. Re1 Nb6 17. Bxe6 fxe6 18. Qd2 Rfd8 19. Rad1 d5 20. Qa5 Qc5 21.
Qxc5 Rxc5 22. exd5 exd5 23. c4 Rd7 24. cxd5 a5 25. d6 Kf7 26. Rc1 Rxc1 27. Rxc1
Rxd6 28. Rc7+ Rd7 29. Rc5 Rd3 30. Rb5 Nd7 31. Rxb7 Ke6 32. h4 Nc5 33. Rxg7 Rxb3
34. Rxh7 Nxa4 35. Rh6+ Kf7 36. Ra6 Nc5 37. Rxa5 Nd3 38. Ng4 Ke6 39. Ra6+ Kd5 1-0

[Event "TCh-FRA Top 16 GpB 2022"]
[Site "Chartres FRA"]
[Date "2022.06.11"]
[Round "3.3"]
[Board "5"]
[White "Rakotomaharo, Fy Antenaina"]
[Black "Delorme, Axel"]
[Result "1-0"]
[WhiteTitle "IM"]
[BlackTitle "GM"]
[WhiteElo "2466"]
[BlackElo "2464"]
[WhiteTeam "Mulhouse Philidor"]
[BlackTeam "Clichy-Echecs-92"]
[WhiteFideId "13100050"]
[BlackFideId "632023"]
[EventDate "2022.06.09"]

1. e4 c5 2. Nf3 e6 3. d4 cxd4 4. Nxd4 Nf6 5. Nc3 Nc6 6. Nxc6 bxc6 7. e5 Nd5 8.
Ne4 Bb7 9. c4 Nb4 10. Bf4 c5 11. Bd3 Qh4 12. g3 Qh3 13. Qe2 Be7 14. f3 O-O 15.
O-O-O Nxa2+ 16. Kb1 Nb4 17. Nf2 Qh5 18. g4 Qh4 19. Be4 Bxe4+ 20. fxe4 f6 21. Bg3
Qh6 22. Rxd7 Nc6 23. h4 fxe5 24. g5 Qg6 25. Qg4 Kh8 26. Rc7 Rac8 27. Rxc8 Rxc8
28. h5 Qxg5 29. Qxe6 Rf8 30. Bh4 Qf4 31. Bxe7 Nxe7 32. Qxe7 Qxf2 33. h6 Qf6 34.
hxg7+ Qxg7 35. Qxc5 Re8 36. Qc6 Rd8 37. Qe6 Rb8 38. Rd1 Qg5 39. Rd5 Rd8 40. Rxe5
Qg1+ 41. Ka2 Qb6 42. Qf7 Qc6 43. Kb1 Rd1+ 44. Kc2 Rd8 45. Kc3 Qb6 46. Re8+ Rxe8
47. Qxe8+ Kg7 48. Qe5+ Kg6 49. Qf5+ Kg7 50. Qg5+ Kf7 51. Qd5+ Kg6 52. c5 Qa5+
53. Kc2 Qa4+ 54. Kb1 1-0

[Event "TCh-FRA Top 16 GpB 2022"]
[Site "Chartres FRA"]
[Date "2022.06.11"]
[Round "3.3"]
[Board "6"]
[White "Hamdouchi, Hicham"]
[Black "Riff, Jean-Noel"]
[Result "1/2-1/2"]
[WhiteTitle "GM"]
[BlackTitle "GM"]
[WhiteElo "2536"]
[BlackElo "2451"]
[WhiteTeam "Clichy-Echecs-92"]
[BlackTeam "Mulhouse Philidor"]
[WhiteFideId "9000011"]
[BlackFideId "611190"]
[EventDate "2022.06.09"]

1. e4 e5 2. Nf3 Nc6 3. d4 exd4 4. Nxd4 Nf6 5. Nxc6 bxc6 6. Qe2 a5 7. e5 Nd5 8.
c4 Bb4+ 9. Nd2 Nf4 10. Qe3 Ne6 11. Bd3 d5 12. exd6 cxd6 13. O-O d5 14. cxd5 cxd5
15. Bb5+ Bd7 16. Bxd7+ Qxd7 17. Nf3 O-O 18. Qd3 d4 19. Ng5 Nxg5 20. Bxg5 Qd5 21.
Bf4 Be7 22. Rfe1 Bf6 23. a4 Ra7 24. Qb5 Qxb5 25. axb5 Rb7 26. Rxa5 h6 27. Kf1 g5
28. Be5 Bxe5 29. Rxe5 Rc8 30. Ra1 Rc2 31. Rd1 Rxb2 32. Rxd4 R2xb5 33. Rxb5 Rxb5 1/2-1/2

[Event "TCh-FRA Top 16 GpB 2022"]
[Site "Chartres FRA"]
[Date "2022.06.11"]
[Round "3.3"]
[Board "7"]
[White "Terrieux, Kevin"]
[Black "Tregubov, Pavel V."]
[Result "0-1"]
[WhiteTitle "IM"]
[BlackTitle "GM"]
[WhiteElo "2448"]
[BlackElo "2543"]
[WhiteTeam "Mulhouse Philidor"]
[BlackTeam "Clichy-Echecs-92"]
[WhiteFideId "622591"]
[BlackFideId "4115341"]
[EventDate "2022.06.09"]

1. d4 Nf6 2. c4 e6 3. Nf3 d5 4. Nc3 Bb4 5. cxd5 exd5 6. Bg5 O-O 7. e3 Bf5 8. Qb3
Bxc3+ 9. bxc3 Nbd7 10. Be2 c5 11. Bxf6 Nxf6 12. dxc5 Qc7 13. O-O Be4 14. Nd4 Nd7
15. Rfd1 Nxc5 16. Qb4 b6 17. a4 a5 18. Qb2 Rfe8 19. Nb3 Qe5 20. Nd4 Qg5 21. Bf1
Qf6 22. Qb5 Rac8 23. Rd2 Red8 24. Rad1 Bg6 25. f3 h6 26. Re1 Rd6 27. Rdd1 Qe7
28. Ra1 Kh8 29. Qb2 Qf6 30. Qd2 Qe5 31. Kh1 f6 32. Bb5 Qe7 33. Kg1 Nd7 34. Bxd7
Qxd7 35. Nb5 Re6 36. Nd4 Re7 37. Qb2 Qd6 38. Qd2 Rc4 39. Qb2 Qc5 40. Ra3 Be8 41.
Qa1 Bd7 42. Kf2 Re8 43. Ke2 Rc8 44. Kd2 Qe7 45. g3 Qe8 46. Rb1 Qh5 47. Rxb6
Qxh2+ 48. Ne2 Qf2 49. Rd6 Bh3 50. f4 d4 0-1

[Event "TCh-FRA Top 16 GpB 2022"]
[Site "Chartres FRA"]
[Date "2022.06.11"]
[Round "3.3"]
[Board "8"]
[White "Benmesbah, Natacha"]
[Black "Navrotescu, Andreea"]
[Result "1-0"]
[WhiteTitle "WIM"]
[BlackTitle "WIM"]
[WhiteElo "2280"]
[BlackElo "2350"]
[WhiteTeam "Clichy-Echecs-92"]
[BlackTeam "Mulhouse Philidor"]
[WhiteFideId "642002"]
[BlackFideId "675946"]
[EventDate "2022.06.09"]

1. e4 e6 2. d4 d5 3. Nc3 Nf6 4. Bg5 dxe4 5. Nxe4 Be7 6. Bxf6 gxf6 7. Qd2 e5 8.
Nf3 f5 9. Nc3 e4 10. Ne5 Nd7 11. Nxd7 Bxd7 12. Bc4 Bg5 13. Qe2 O-O 14. h4 Bf6
15. O-O-O c6 16. g4 b5 17. Bb3 a5 18. a4 b4 19. Nb1 c5 20. dxc5 Qe8 21. gxf5
Bxf5 22. Rd5 Be5 23. Qh5 Bf4+ 24. Nd2 Be6 25. Rg5+ Kh8 26. Qh6 Bxd2+ 27. Kxd2
Qd8+ 28. Kc1 Rg8 29. Bxe6 fxe6 30. Rxg8+ Qxg8 31. Qf6+ Qg7 32. Qxe6 Rd8 33. Kb1
Qg6 34. Qxg6 hxg6 35. Re1 Rc8 36. c6 Rxc6 37. Rxe4 Rc5 38. Rf4 Kg7 39. Kc1 Rd5
40. c3 b3 41. c4 Rd7 42. c5 Rc7 43. Rc4 Kf6 44. Kd2 Ke5 45. Kc3 Kd5 46. c6 1-0

[Event "TCh-FRA Top 16 GpB 2022"]
[Site "Chartres FRA"]
[Date "2022.06.11"]
[Round "3.4"]
[Board "1"]
[White "Vernay, Clovis"]
[Black "Duboue, Peio"]
[Result "1-0"]
[WhiteTitle "GM"]
[BlackTitle "FM"]
[WhiteElo "2520"]
[BlackElo "2426"]
[WhiteTeam "Lyon Olympique Echecs"]
[BlackTeam "Echiquier de l'Erdre"]
[WhiteFideId "633046"]
[BlackFideId "654833"]
[EventDate "2022.06.09"]

1. d4 d5 2. c4 dxc4 3. Nf3 Nf6 4. e3 e6 5. Bxc4 c5 6. O-O Nc6 7. Nc3 Be7 8. Qe2
cxd4 9. exd4 O-O 10. Rd1 Na5 11. Bd3 b6 12. Ne5 Bb7 13. Bf4 Rc8 14. Qe3 Nd5 15.
Qh3 f5 16. Nxd5 Bxd5 17. b3 Bg5 18. Bg3 Rc3 19. f4 Be7 20. Be1 Rc7 21. Bxa5 bxa5
22. Rac1 Rxc1 23. Rxc1 Ba3 24. Rc2 Qb6 25. Qe3 Rd8 26. h3 Bf8 27. Kh2 h6 28. g4
fxg4 29. hxg4 Bd6 30. g5 Bxe5 31. fxe5 h5 32. Rf2 Rf8 33. Bh7+ Kxh7 34. Rxf8 Qc6
35. g6+ Kxg6 36. Qg3+ Kh7 37. Rf7 Qc2+ 38. Kh3 Qg6 39. Qxg6+ Kxg6 40. Rxa7 Kf5
41. Rxg7 Ke4 42. Rh7 Kxd4 43. Rxh5 Kc3 44. Rh4 1-0

[Event "TCh-FRA Top 16 GpB 2022"]
[Site "Chartres FRA"]
[Date "2022.06.11"]
[Round "3.4"]
[Board "2"]
[White "Di Nicolantonio, Lucas"]
[Black "Buscara, Sevan"]
[Result "0-1"]
[WhiteTitle "IM"]
[BlackTitle "IM"]
[WhiteElo "2382"]
[BlackElo "2386"]
[WhiteTeam "Echiquier de l'Erdre"]
[BlackTeam "Lyon Olympique Echecs"]
[WhiteFideId "680460"]
[BlackFideId "650234"]
[EventDate "2022.06.09"]

1. e4 e5 2. Nf3 Nc6 3. Bc4 Nf6 4. d3 Bc5 5. Bg5 h6 6. Bh4 g5 7. Bg3 d6 8. c3 a6
9. a4 Ba7 10. a5 Nh7 11. d4 h5 12. h3 g4 13. hxg4 hxg4 14. dxe5 gxf3 15. Qxf3
Be6 16. Bxe6 fxe6 17. exd6 cxd6 18. Rh6 Qe7 19. Qh5+ Kd7 20. Qh2 Qg7 21. Nd2 Nf6
22. Rh4 Ng4 23. Qh3 Rxh4 24. Bxh4 Rh8 0-1

[Event "TCh-FRA Top 16 GpB 2022"]
[Site "Chartres FRA"]
[Date "2022.06.11"]
[Round "3.4"]
[Board "3"]
[White "Benitah, Yohan"]
[Black "Eugene, Floryan"]
[Result "0-1"]
[WhiteTitle "IM"]
[BlackTitle "FM"]
[WhiteElo "2385"]
[BlackElo "2373"]
[WhiteTeam "Lyon Olympique Echecs"]
[BlackTeam "Echiquier de l'Erdre"]
[WhiteFideId "609560"]
[BlackFideId "20694784"]
[EventDate "2022.06.09"]

1. d4 Nf6 2. c4 g6 3. Nc3 Bg7 4. e4 d6 5. Nf3 O-O 6. Be2 Nbd7 7. O-O e5 8. Be3
Qe7 9. Qc2 c6 10. Rfe1 h6 11. h3 exd4 12. Nxd4 Re8 13. Bf1 Nc5 14. f3 Nh5 15.
Qf2 g5 16. b4 Na6 17. b5 Nb8 18. Rad1 Be5 19. Nde2 Qf6 20. Nb1 Be6 21. g4 Nf4
22. Ng3 Nd7 23. bxc6 bxc6 24. Nd2 c5 25. Rb1 Nb8 26. Kh1 Nc6 27. Nb3 Rab8 28.
Bd2 Rb6 29. Red1 Reb8 30. Rbc1 a5 31. Nxa5 Nxa5 32. Bxa5 Ra6 33. Be1 Rb2 34. Rd2
Raxa2 35. Rcc2 Nxh3 36. Bxh3 Bxg3 37. Qxg3 Rxc2 38. Qxd6 Rxd2 0-1

[Event "TCh-FRA Top 16 GpB 2022"]
[Site "Chartres FRA"]
[Date "2022.06.11"]
[Round "3.4"]
[Board "4"]
[White "Hutois, Mickael"]
[Black "Brailly-Vignal, Bastien"]
[Result "1-0"]
[WhiteTitle "FM"]
[BlackTitle "FM"]
[WhiteElo "2245"]
[BlackElo "2361"]
[WhiteTeam "Echiquier de l'Erdre"]
[BlackTeam "Lyon Olympique Echecs"]
[WhiteFideId "652091"]
[BlackFideId "658804"]
[EventDate "2022.06.09"]

1. e4 c5 2. Nf3 d6 3. d4 cxd4 4. Nxd4 Nf6 5. Nc3 a6 6. Be2 e6 7. Be3 Nbd7 8. g4
h6 9. a4 b6 10. h4 Bb7 11. f3 d5 12. exd5 Nxd5 13. Nxd5 Bxd5 14. Qd2 Ne5 15.
O-O-O Qd7 16. b3 Bb7 17. f4 Bxh1 18. Rxh1 Ng6 19. f5 Ne5 20. Bf4 Qd5 21. Rd1 Bc5
22. fxe6 O-O 23. exf7+ Kh7 24. Qe3 Qxf7 25. Bxe5 b5 26. Bd3+ Kg8 27. Qe4 g6 28.
Rf1 1-0

[Event "TCh-FRA Top 16 GpB 2022"]
[Site "Chartres FRA"]
[Date "2022.06.11"]
[Round "3.4"]
[Board "5"]
[White "Rouler, Charly"]
[Black "Real, Thibault"]
[Result "0-1"]
[WhiteTitle "FM"]
[BlackTitle "FM"]
[WhiteElo "2346"]
[BlackElo "2279"]
[WhiteTeam "Lyon Olympique Echecs"]
[BlackTeam "Echiquier de l'Erdre"]
[WhiteFideId "621692"]
[BlackFideId "205559"]
[EventDate "2022.06.09"]

1. Nf3 d5 2. g3 g6 3. Bg2 Bg7 4. d4 c6 5. O-O Nf6 6. c4 O-O 7. Nbd2 a5 8. Ne5
Ng4 9. Ndf3 Nxe5 10. Nxe5 dxc4 11. Bf4 Be6 12. Rc1 Na6 13. e4 Nb4 14. a3 Bxe5
15. dxe5 Nd3 16. Rc2 Qc7 17. Qf3 Rfd8 18. Rd2 Nc5 19. Rfd1 b5 20. Bf1 Na4 21.
Qe3 Nxb2 0-1

[Event "TCh-FRA Top 16 GpB 2022"]
[Site "Chartres FRA"]
[Date "2022.06.11"]
[Round "3.4"]
[Board "6"]
[White "Le Pen, Steven"]
[Black "Marzolo, Cyril"]
[Result "0-1"]
[BlackTitle "IM"]
[WhiteElo "2079"]
[BlackElo "2378"]
[WhiteTeam "Echiquier de l'Erdre"]
[BlackTeam "Lyon Olympique Echecs"]
[WhiteFideId "612197"]
[BlackFideId "608653"]
[EventDate "2022.06.09"]

1. e4 c5 2. Nf3 d6 3. d4 cxd4 4. Nxd4 Nf6 5. Nc3 e6 6. Be3 Be7 7. f3 a6 8. Qd2
b5 9. g4 Bb7 10. g5 Nfd7 11. a3 Nb6 12. Rg1 N8d7 13. f4 Rc8 14. f5 Ne5 15. Qf2
Nbc4 16. fxe6 O-O 17. Bh3 Nxb2 18. exf7+ Rxf7 19. Be6 Rxc3 20. Bxf7+ Kh8 21. Bd2
Rxc2 22. Qf5 g6 23. Qe6 Rc4 24. Be3 Nbd3+ 25. Ke2 Rxd4 26. Bxd4 Nf4+ 27. Ke3
Nxe6 28. Bxe6 Bxg5+ 29. Ke2 Qf6 30. Bc3 0-1

[Event "TCh-FRA Top 16 GpB 2022"]
[Site "Chartres FRA"]
[Date "2022.06.11"]
[Round "3.4"]
[Board "7"]
[White "Crut, Aurelien"]
[Black "Jaouen, Valentin"]
[Result "1-0"]
[WhiteTitle "IM"]
[WhiteElo "2354"]
[BlackElo "2121"]
[WhiteTeam "Lyon Olympique Echecs"]
[BlackTeam "Echiquier de l'Erdre"]
[WhiteFideId "610569"]
[BlackFideId "20631294"]
[EventDate "2022.06.09"]

1. e4 e6 2. d4 d5 3. Nd2 c5 4. Ngf3 a6 5. c3 Nc6 6. Bd3 cxd4 7. cxd4 dxe4 8.
Nxe4 Bb4+ 9. Bd2 Bxd2+ 10. Qxd2 Nf6 11. O-O O-O 12. Rad1 Nd5 13. Bb1 b6 14. Rfe1
Bb7 15. Neg5 g6 16. h4 Nf6 17. Qf4 Nh5 18. Qg4 Qf6 19. Nxh7 Kxh7 20. Qxh5+ Kg7
21. Qg4 Rh8 22. Be4 Rad8 23. Rc1 Rc8 24. Rc3 Qe7 25. Qf4 Rh5 26. d5 exd5 27.
Bxg6 Rxh4 28. Rxe7 Rxf4 29. Rxb7 Rxf3 30. gxf3 1-0

[Event "TCh-FRA Top 16 GpB 2022"]
[Site "Chartres FRA"]
[Date "2022.06.11"]
[Round "3.4"]
[Board "8"]
[White "Ruhlmann, Helene"]
[Black "Rollot, Florence"]
[Result "0-1"]
[WhiteElo "1787"]
[BlackElo "2015"]
[WhiteTeam "Echiquier de l'Erdre"]
[BlackTeam "Lyon Olympique Echecs"]
[WhiteFideId "20643209"]
[BlackFideId "26016060"]
[EventDate "2022.06.09"]

1. c4 Nf6 2. Nc3 c5 3. Nf3 g6 4. d4 cxd4 5. Nxd4 Bg7 6. e4 d6 7. Be2 Nc6 8. Be3
Bd7 9. O-O O-O 10. h3 Ne8 11. Nf3 h6 12. Qd2 Kh7 13. Rad1 Qa5 14. a3 Rc8 15. Qc1
Be6 16. b4 Qc7 17. Nd5 Qb8 18. Qd2 b6 19. Rc1 Qb7 20. Ne1 f5 21. exf5 Bxf5 22.
Nf3 Nf6 23. b5 Na5 24. Qd1 Nxd5 25. Qxd5 Qxd5 26. cxd5 Be4 27. Rfd1 Bb2 28. Rxc8
Rxc8 0-1

[Event "TCh-FRA Top 16 GpB 2022"]
[Site "Chartres FRA"]
[Date "2022.06.12"]
[Round "4.1"]
[Board "1"]
[White "Esipenko, Andrey"]
[Black "Eugene, Floryan"]
[Result "1/2-1/2"]
[WhiteTitle "GM"]
[BlackTitle "FM"]
[WhiteElo "2705"]
[BlackElo "2373"]
[WhiteTeam "Asnieres - Le Grand Echiquier"]
[BlackTeam "Echiquier de l'Erdre"]
[WhiteFideId "24175439"]
[BlackFideId "20694784"]
[EventDate "2022.06.09"]

1. e4 e5 2. Nf3 Nc6 3. Bc4 Bc5 4. c3 Nf6 5. d3 d6 6. O-O O-O 7. Re1 a6 8. a4 Ba7
9. h3 h6 10. Nbd2 Re8 11. b4 Be6 12. Bxe6 Rxe6 13. Bb2 Re8 14. Qc2 Qd7 15. Nf1
Nh5 16. b5 axb5 17. axb5 Ne7 18. c4 Ng6 19. d4 Nhf4 20. Ne3 Nxh3+ 21. gxh3 Qxh3
22. Nh2 exd4 23. Ng2 Ne5 24. Qd1 Bc5 25. Nf4 Qh4 26. Ng2 Qh3 27. Nf4 Qh4 28. Ng2
Qh3 1/2-1/2

[Event "TCh-FRA Top 16 GpB 2022"]
[Site "Chartres FRA"]
[Date "2022.06.12"]
[Round "4.1"]
[Board "2"]
[White "Duboue, Peio"]
[Black "Moussard, Jules"]
[Result "1/2-1/2"]
[WhiteTitle "FM"]
[BlackTitle "GM"]
[WhiteElo "2426"]
[BlackElo "2668"]
[WhiteTeam "Echiquier de l'Erdre"]
[BlackTeam "Asnieres - Le Grand Echiquier"]
[WhiteFideId "654833"]
[BlackFideId "642908"]
[EventDate "2022.06.09"]

1. e4 g6 2. d4 Bg7 3. Nc3 d6 4. Be3 a6 5. Qd2 b5 6. h4 h6 7. O-O-O Bb7 8. f3 Nd7
9. g4 Rc8 10. d5 c5 11. dxc6 Bxc6 12. Nd5 Bxd5 13. Qxd5 Qc7 14. Qd2 Nb6 15. Rh2
Na4 16. Bd4 Bxd4 17. Qxd4 Nf6 18. Bh3 g5 19. f4 Nc5 20. e5 Ne6 21. exd6 Nxd4 22.
dxc7 Ne6 23. fxg5 hxg5 24. hxg5 Nd7 25. g6 fxg6 26. g5 Rxc7 27. Rhd2 Ndf8 28.
Bxe6 Nxe6 29. Nf3 O-O 30. Re1 Nf4 31. Nd4 Rc5 32. Ne6 Nxe6 33. Rxe6 Rf1+ 34. Rd1
Kf7 35. Rxa6 Rff5 36. a4 bxa4 37. Rxa4 Rxg5 38. Re4 Rg2 1/2-1/2

[Event "TCh-FRA Top 16 GpB 2022"]
[Site "Chartres FRA"]
[Date "2022.06.12"]
[Round "4.1"]
[Board "3"]
[White "Gozzoli, Yannick"]
[Black "Di Nicolantonio, Lucas"]
[Result "1-0"]
[WhiteTitle "GM"]
[BlackTitle "IM"]
[WhiteElo "2594"]
[BlackElo "2382"]
[WhiteTeam "Asnieres - Le Grand Echiquier"]
[BlackTeam "Echiquier de l'Erdre"]
[WhiteFideId "616915"]
[BlackFideId "680460"]
[EventDate "2022.06.09"]

1. d4 d5 2. c4 c6 3. Nf3 Nf6 4. Nc3 dxc4 5. a4 e6 6. e4 Bb4 7. Bxc4 Nxe4 8. O-O
Nf6 9. Bg5 O-O 10. Qe2 h6 11. Bh4 a5 12. Rad1 Be7 13. Ne5 Nd5 14. Bg3 Nd7 15.
Bd3 Bb4 16. Bb1 f5 17. Nxd5 cxd5 18. Nd3 Nf6 19. Nxb4 axb4 20. Rc1 Rxa4 21. Bc7
Qe8 22. Bd6 Rf7 23. Bxf5 Ne4 24. Bxe4 dxe4 25. Qxe4 Bd7 26. Rfe1 b3 27. Qxb7
Rxd4 28. Bg3 Bb5 29. Qb6 Rc4 30. Rcd1 Qc6 31. Qe3 Rd7 32. h3 Rxd1 33. Rxd1 Qe4
34. Qxb3 Bc6 35. f3 Qc2 36. Rd8+ Kh7 37. Qxc2+ Rxc2 38. Rc8 Be4 39. Re8 Bd5 40.
Be5 g5 41. Re7+ Kg6 42. Rg7+ Kf5 43. Bc3 h5 44. Rf7+ Kg6 45. Rf8 Re2 46. Rf6+
Kh7 47. g4 hxg4 48. hxg4 Rc2 49. Rf8 Re2 50. Kf1 Bc4 51. Rc8 Bb5 52. Kg1 Bd3 53.
Rh8+ Kg6 54. Rh2 Re3 55. Kf2 Re2+ 56. Kg3 Rxh2 57. Kxh2 Bb5 58. Kg3 Bc6 59. f4
gxf4+ 60. Kxf4 Bb5 61. Bd2 Be2 62. g5 Kf7 63. Ke5 Ke7 64. b4 Bd3 65. Be3 1-0

[Event "TCh-FRA Top 16 GpB 2022"]
[Site "Chartres FRA"]
[Date "2022.06.12"]
[Round "4.1"]
[Board "4"]
[White "Real, Thibault"]
[Black "Cornette, Matthieu"]
[Result "1/2-1/2"]
[WhiteTitle "FM"]
[BlackTitle "GM"]
[WhiteElo "2279"]
[BlackElo "2563"]
[WhiteTeam "Echiquier de l'Erdre"]
[BlackTeam "Asnieres - Le Grand Echiquier"]
[WhiteFideId "205559"]
[BlackFideId "620084"]
[EventDate "2022.06.09"]

1. e4 c6 2. Nf3 d5 3. Nc3 dxe4 4. Nxe4 Nf6 5. Qe2 Nxe4 6. Qxe4 Nd7 7. Bc4 Nf6 8.
Qe2 Bf5 9. d4 e6 10. O-O Be7 11. c3 O-O 12. Bg5 h6 13. Bxf6 Bxf6 14. Rad1 Qc7
15. Rfe1 Rad8 16. Bd3 Bxd3 17. Rxd3 c5 18. dxc5 Rxd3 19. Qxd3 Qxc5 20. Rd1 b5
21. Qe3 Rc8 22. Rd7 a5 23. Qxc5 Rxc5 24. Nd2 Bg5 25. g3 Rc8 26. h4 Bxd2 27. Rxd2
Kf8 28. Rd7 Rc5 29. Rb7 g5 30. hxg5 hxg5 31. Ra7 a4 32. Ra5 Ke7 33. c4 Rxc4 34.
Rxb5 f5 35. b3 axb3 36. axb3 Rc1+ 37. Kg2 g4 38. Rb6 Kf6 39. Rb5 Rb1 40. Kh2 Ke7
41. Rb6 Kd7 42. Kg2 Re1 43. b4 Rd1 44. b5 Rd6 45. Rb7+ Kc8 46. Re7 Rb6 47. f3
Kd8 48. Rg7 gxf3+ 49. Kxf3 Rxb5 50. Kf4 Ke8 51. Kg5 f4+ 1/2-1/2

[Event "TCh-FRA Top 16 GpB 2022"]
[Site "Chartres FRA"]
[Date "2022.06.12"]
[Round "4.1"]
[Board "5"]
[White "Degraeve, Jean-Marc"]
[Black "Hutois, Mickael"]
[Result "1-0"]
[WhiteTitle "GM"]
[BlackTitle "FM"]
[WhiteElo "2518"]
[BlackElo "2245"]
[WhiteTeam "Asnieres - Le Grand Echiquier"]
[BlackTeam "Echiquier de l'Erdre"]
[WhiteFideId "600270"]
[BlackFideId "652091"]
[EventDate "2022.06.09"]

1. e4 e5 2. Nf3 Nc6 3. Bc4 Nf6 4. d3 Bc5 5. O-O O-O 6. Nbd2 a5 7. h3 d6 8. Re1
Be6 9. Bxe6 fxe6 10. Nf1 Nh5 11. c3 Qf6 12. Be3 Nf4 13. d4 exd4 14. cxd4 Bb4 15.
Bxf4 Qxf4 16. Re2 a4 17. a3 Ba5 18. Qxa4 Bb6 19. Qc4 Qh6 20. N1d2 Ra5 21. b4 Rh5
22. b5 Ne7 23. a4 Ba5 24. Ra3 g5 25. Nh2 d5 26. exd5 Nxd5 27. Ng4 Qg6 28. Ne5
Qg7 29. Ne4 Qe7 30. Rg3 Rf5 31. Nc5 Rh4 32. Nxe6 Qxe6 33. Nf3 Qh6 34. Nxg5 Kf8
35. Ne6+ Kf7 36. Rf3 Rxf3 37. Qxd5 Rf6 38. Nf4+ Kg7 39. Re7+ Kh8 40. Ne6 Rf8 41.
Qe5+ 1-0

[Event "TCh-FRA Top 16 GpB 2022"]
[Site "Chartres FRA"]
[Date "2022.06.12"]
[Round "4.1"]
[Board "6"]
[White "Jaouen, Valentin"]
[Black "Movsesian, Sergei"]
[Result "0-1"]
[BlackTitle "GM"]
[WhiteElo "2121"]
[BlackElo "2607"]
[WhiteTeam "Echiquier de l'Erdre"]
[BlackTeam "Asnieres - Le Grand Echiquier"]
[WhiteFideId "20631294"]
[BlackFideId "310204"]
[EventDate "2022.06.09"]

1. Nf3 Nf6 2. g3 d5 3. Bg2 c6 4. d4 Bf5 5. O-O e6 6. Re1 Nbd7 7. c3 Be7 8. Bg5
O-O 9. Nh4 Be4 10. Nd2 Bxg2 11. Nxg2 c5 12. e4 dxe4 13. dxc5 e3 14. Rxe3 Nd5 15.
Bxe7 Nxe3 16. Bxd8 Nxd1 17. Be7 Rfe8 18. Rxd1 Rxe7 19. b4 a5 20. a3 axb4 21.
axb4 Nf6 22. Ne3 Rd7 23. Ndc4 Rxd1+ 24. Nxd1 Ra1 25. Ne3 Ne4 26. Kg2 Rc1 27. c4
Rb1 28. Kf3 f5 29. b5 Nxc5 30. Nc3 Rb3 31. Ne2 g5 0-1

[Event "TCh-FRA Top 16 GpB 2022"]
[Site "Chartres FRA"]
[Date "2022.06.12"]
[Round "4.1"]
[Board "7"]
[White "Goldsztejn, Gildas"]
[Black "Le Pen, Steven"]
[Result "1-0"]
[WhiteTitle "IM"]
[WhiteElo "2413"]
[BlackElo "2079"]
[WhiteTeam "Asnieres - Le Grand Echiquier"]
[BlackTeam "Echiquier de l'Erdre"]
[WhiteFideId "612375"]
[BlackFideId "612197"]
[EventDate "2022.06.09"]

1. Nf3 c5 2. c4 Nc6 3. Nc3 e5 4. g3 g6 5. Bg2 Bg7 6. O-O Nge7 7. a3 O-O 8. Rb1
a5 9. Ne1 d6 10. Nc2 Be6 11. Ne3 Rb8 12. Ned5 b6 13. d3 Qd7 14. Re1 Bh3 15. Bh1
Nxd5 16. Nxd5 Ne7 17. Nxe7+ Qxe7 18. b4 Be6 19. bxa5 bxa5 20. Bd2 Rxb1 21. Qxb1
a4 22. Qb5 Bd7 23. Qb7 Re8 24. Rb1 f5 25. Qa7 Be6 26. Rb7 Qf6 27. Bc6 Rc8 28.
Bg5 Qxg5 29. Rxg7+ Kf8 30. Rxh7 Qf6 31. Bxa4 Bf7 32. Qd7 Ra8 33. Bc6 Rxa3 34.
Qc8+ Ke7 35. Qe8# 1-0